[Event "Montreal Pere Noel op"]
[Site "Montreal"]
[Date "2023.12.30"]
[Round "4"]
[White "Mok, Yuen Tak"]
[Black "Duval, Mathieu"]
[Result "1-0"]
[WhiteElo "1848"]
[BlackElo "1640"]
[PlyCount "161"]
[EventDate "2023.12.27"]
[EventType "swiss"]
[EventRounds "5"]
[EventCountry "CAN"]
[SourceTitle "CB02_2024"]
[SourceDate "2024.01.10"]
[SourceVersion "1"]
[SourceVersionDate "2024.01.10"]
[SourceQuality "1"]

1. e4 c5 2. Nf3 Nc6 3. Bb5 g6 4. 0-0 Bg7 5. c3 Nf6 6. Re1 0-0 7. d4 cxd4 8. cxd4 a6 9. Bd3 d6 10. h3 Nd7 11. Be3 Qb6 12. d5 Qxb2 13. dxc6 Qxa1 14. cxd7 Bxd7 15. Qb3 Qb2 16. Nbd2 Be6 17. Qxb2 Bxb2 18. Rb1 Bf6 19. a4 b5 20. axb5 axb5 21. Rxb5 Rfb8 22. Kf1 Rxb5 23. Bxb5 Bc8 24. Kg1 Rb8 25. Bc4 Rb4 26. Bd3 Bc3 27. Kf1 Bd7 28. Ke2 Bb5 29. Bxb5 Rxb5 30. Kd3 Bxd2 31. Bxd2 f5 32. Bc3 fxe4+ 33. Kxe4 Kf7 34. Bd2 Kg7 35. Be3 h6 36. h4 Ra5 37. g3 Rf5 38. Nd4 Re5+ 39. Kf3 g5 40. Nc6 Rf5+ 41. Kg4 e6 42. Nd4 Re5 43. hxg5 hxg5 44. Nf3 Ra5 45. Nxg5 Ra4+ 46. Kf3 e5 47. Ne6+ Kf6 48. Nc7 Kf5 49. Nd5 e4+ 50. Ke2 Ke5 51. Nc3 Rc4 52. Bf4+ Ke6 53. Kd2 d5 54. Nb5 Rc5 55. Nd4+ Kf6 56. g4 Ra5 57. g5+ Kg6 58. Be3 Ra3 59. Ke2 Ra1 60. Ne6 Ra2+ 61. Kf1 Ra3 62. Nd4 Rd3 63. Kg2 Rd1 64. Ne2 Ra1 65. Kg3 d4 66. Nxd4 Rg1+ 67. Kh2 Rg4 68. Ne2 Kh5 69. Ng3+ Kh4 70. Nf5+ Kh5 71. Kh3 Rh4+ 72. Kg2 Rg4+ 73. Ng3+ Kh4 74. Kf1 Kh3 75. Ke2 Kg2 76. Nf5 Kh2 77. Ne7 Rh4 78. g6 Rg4 79. Bd4 e3 80. Kxe3 Kh1 81. g7 1-0

[Event "Quebec op"]
[Site "Montreal"]
[Date "2023.07.30"]
[Round "3"]
[White "Zhu, Hong Rui"]
[Black "Mok, Yuen Tak"]
[Result "1-0"]
[WhiteElo "2176"]
[BlackElo "1841"]
[PlyCount "107"]
[EventDate "2023.07.29"]
[EventType "swiss"]
[EventRounds "9"]
[EventCountry "CAN"]
[SourceTitle "CBM 215 Extra"]
[Source "ChessBase"]
[SourceDate "2023.09.30"]
[SourceVersion "1"]
[SourceVersionDate "2023.09.30"]
[SourceQuality "1"]

1. e4 c6 2. d4 d5 3. exd5 cxd5 4. Bd3 Nc6 5. c3 Nf6 6. Bf4 Bg4 7. Qb3 Qd7 8. Nd2 e6 9. Ngf3 Bd6 10. Bg3 0-0 11. 0-0 Bxf3 12. Nxf3 Bxg3 13. fxg3 Ne4 14. g4 f5 15. gxf5 exf5 16. Rae1 Rae8 17. Re2 a6 18. Nd2 Kh8 19. Qd1 Rf7 20. a3 Re6 21. Bb1 Re8 22. Ba2 Rfe7 23. Nb3 g6 24. Nc1 Nf6 25. Rfe1 Rxe2 26. Rxe2 Rxe2 27. Qxe2 Qe7 28. Qxe7 Nxe7 29. Nd3 b6 30. Ne5 Kg7 31. Kf2 Kf8 32. Ke3 g5 33. g3 Ng6 34. Nf3 h6 35. Bb1 Ng4+ 36. Ke2 Ne7 37. h4 f4 38. gxf4 gxf4 39. Ne1 Kf7 40. Ng2 Ke6 41. Nxf4+ Kd6 42. Nh5 Ng8 43. Kf3 N4f6 44. Ng7 Ke7 45. Kf4 Kf7 46. Nf5 Ke6 47. Ng3 Ne7 48. Bc2 Neg8 49. Bf5+ Kd6 50. Bc8 a5 51. Nf5+ Kc6 52. Be6 Kc7 53. Bxg8 Nxg8 54. Ke5 1-0

[Event "Quebec op"]
[Site "Laval"]
[Date "2022.09.05"]
[Round "7"]
[White "Mok, Yuen Tak"]
[Black "Batorshyn, Ilia"]
[Result "0-1"]
[WhiteElo "1795"]
[BlackElo "1909"]
[PlyCount "160"]
[EventDate "2022.09.01"]
[EventType "swiss"]
[EventRounds "9"]
[EventCountry "CAN"]
[SourceTitle "CBM 210 Extra"]
[Source "ChessBase"]
[SourceDate "2022.11.30"]
[SourceVersion "1"]
[SourceVersionDate "2022.11.30"]
[SourceQuality "1"]

1. c4 e6 2. Nf3 d5 3. b3 Nf6 4. g3 c6 5. Bg2 Bd6 6. d4 0-0 7. 0-0 Nbd7 8. Qc2 b6 9. Rd1 Bb7 10. Nc3 Qc7 11. Bb2 Rfe8 12. e4 dxe4 13. Nxe4 Nxe4 14. Qxe4 c5 15. Qe3 Rad8 16. Rd2 Be7 17. dxc5 Bxc5 18. Bd4 Bb4 19. Bc3 Bxc3 20. Qxc3 Nc5 21. Rad1 f6 22. Qe3 e5 23. Rxd8 Rxd8 24. Rxd8+ Qxd8 25. Qd2 Qc7 26. Ne1 Kf8 27. b4 Ne4 28. Qd3 f5 29. g4 g6 30. gxf5 gxf5 31. Nc2 Qc8 32. Ne3 Ke7 33. Nd5+ Bxd5 34. Qxd5 Nd6 35. Qxe5+ Qe6 36. Qxe6+ Kxe6 37. Bd5+ Ke5 38. Bg8 h6 39. c5 bxc5 40. bxc5 Ne4 41. c6 Kd6 42. c7 Kxc7 43. Be6 f4 44. Bf5 Nc3 45. a3 Kd6 46. Kg2 Nb5 47. a4 Nd4 48. Bd3 Ke5 49. Kh3 Nf3 50. Bc2 a5 51. Bb1 Nd2 52. Bh7 h5 53. Bg6 Ne4 54. Kg2 Nc5 55. Bc2 Ne6 56. Bd1 Nc5 57. Bc2 Ne6 58. Bg6 Nc5 59. Be8 Kf5 60. Kf3 h4 61. Bb5 h3 62. Bc6 Nb3 63. Bd7+ Kg5 64. Be8 Kf5 65. Bd7+ Kg5 66. Bxh3 Nc5 67. Bf1 Nxa4 68. Ke4 Nc3+ 69. Kd4 Nd1 70. f3 a4 71. Bc4 Ne3 72. Be6 Nf1 73. h3 Nd2 74. Bg4 a3 75. Kc3 Kh4 76. Be6 Nxf3 77. Kb4 Ne5 78. Kxa3 f3 79. Bc8 Nc4+ 80. Kb4 f2 0-1

[Event "Quebec op"]
[Site "Laval"]
[Date "2022.09.02"]
[Round "2"]
[White "Ber, Yves"]
[Black "Mok, Yuen Tak"]
[Result "0-1"]
[WhiteElo "1964"]
[BlackElo "1795"]
[PlyCount "68"]
[EventDate "2022.09.01"]
[EventType "swiss"]
[EventRounds "9"]
[EventCountry "CAN"]
[SourceTitle "CBM 210 Extra"]
[Source "ChessBase"]
[SourceDate "2022.11.30"]
[SourceVersion "1"]
[SourceVersionDate "2022.11.30"]
[SourceQuality "1"]

1. d4 d5 2. Nf3 Nf6 3. e3 c5 4. Bb5+ Nc6 5. Nc3 cxd4 6. exd4 Bg4 7. h3 Bxf3 8. Qxf3 e6 9. Bg5 Be7 10. 0-0 Qb6 11. Qd3 0-0 12. Bxc6 Qxc6 13. Ne2 b5 14. c3 Rab8 15. Rac1 Qc4 16. Qc2 Rfc8 17. b3 Qc6 18. f3 Ba3 19. Bxf6 Bxc1 20. Be5 Be3+ 21. Kh1 Rb7 22. Qd3 Bh6 23. h4 f6 24. Bg3 b4 25. cxb4 Qc2 26. Qa6 Rb6 27. Qxa7 Qxe2 28. Re1 Qa6 29. Qd7 Qb7 30. Qxb7 Rxb7 31. Bd6 Kf7 32. Re2 Bc1 33. Kg1 Ba3 34. Kf2 Bxb4 0-1

[Event "Quebec op"]
[Site "Laval"]
[Date "2022.09.01"]
[Round "1"]
[White "Mok, Yuen Tak"]
[Black "Chen, Max"]
[Result "0-1"]
[WhiteElo "1795"]
[BlackElo "2104"]
[PlyCount "56"]
[EventDate "2022.09.01"]
[EventType "swiss"]
[EventRounds "9"]
[EventCountry "CAN"]
[SourceTitle "CBM 210 Extra"]
[Source "ChessBase"]
[SourceDate "2022.11.30"]
[SourceVersion "1"]
[SourceVersionDate "2022.11.30"]
[SourceQuality "1"]

1. Nf3 Nf6 2. c4 g6 3. b4 Bg7 4. Bb2 0-0 5. g3 d5 6. cxd5 Nxd5 7. Bxg7 Kxg7 8. Qb3 a5 9. b5 c6 10. Nc3 Nxc3 11. Qxc3+ Kg8 12. a4 Qd5 13. bxc6 Nxc6 14. Bg2 Bd7 15. 0-0 Rac8 16. Rfc1 Nb4 17. Qe5 Qxe5 18. Nxe5 Rxc1+ 19. Rxc1 Bxa4 20. Bxb7 Rb8 21. Rc7 Bb5 22. Bf3 a4 23. Ra7 Rb6 24. d3 Ra6 25. Rxa6 Bxa6 26. Nc6 Nxc6 27. Bxc6 a3 28. Bd5 Bc8 0-1

[Event "Montreal Noel op"]
[Site "Montreal"]
[Date "2019.12.28"]
[Round "3"]
[White "Mok, Yuen Tak"]
[Black "Guipi Bopala, Prince Eric Jr"]
[Result "1-0"]
[WhiteElo "1798"]
[BlackElo "1651"]
[PlyCount "57"]
[EventDate "2019.12.26"]
[EventType "swiss"]
[EventRounds "5"]
[EventCountry "CAN"]
[SourceTitle "CBM 194 Extra"]
[Source "ChessBase"]
[SourceDate "2020.03.31"]
[SourceVersion "1"]
[SourceVersionDate "2020.03.31"]
[SourceQuality "1"]

1. e4 e5 2. Nf3 Nc6 3. Bb5 a6 4. Ba4 Nf6 5. 0-0 Be7 6. Qe2 b5 7. Bb3 0-0 8. c3 d6 9. Rd1 Na5 10. Bc2 c5 11. d4 Qc7 12. d5 Bg4 13. b3 c4 14. h3 Bh5 15. b4 Nb7 16. a4 bxa4 17. Rxa4 Nd7 18. Be3 Rfc8 19. Nbd2 a5 20. Rda1 Bd8 21. R4a2 Bxf3 22. gxf3 a4 23. Bxa4 Nb6 24. Bc6 Rxa2 25. Rxa2 Qe7 26. Kh2 Ra8 27. Rxa8 Nxa8 28. Nxc4 Qc7 29. Qa2 1-0

[Event "Montreal CC-ch"]
[Site "Montreal"]
[Date "2019.06.09"]
[Round "5"]
[White "Mok, Yuen Tak"]
[Black "Saha, Ananda"]
[Result "0-1"]
[WhiteElo "1795"]
[BlackElo "2059"]
[PlyCount "82"]
[EventDate "2019.06.07"]
[EventType "swiss"]
[EventRounds "5"]
[EventCountry "CAN"]
[SourceTitle "EXT 2020"]
[Source "ChessBase"]
[SourceDate "2019.10.17"]
[SourceVersion "1"]
[SourceVersionDate "2019.10.17"]
[SourceQuality "1"]

1. e4 c5 2. c3 d5 3. exd5 Nf6 4. d4 Nxd5 5. dxc5 e6 6. Nf3 Bxc5 7. Bd3 Nc6 8. 0-0 h6 9. Na3 Bxa3 10. bxa3 Qf6 11. Bb2 Nf4 12. Be4 0-0 13. Qc2 e5 14. Rfe1 Re8 15. c4 Bg4 16. Bxc6 Qxc6 17. Qe4 Bxf3 18. gxf3 Qf6 19. Kh1 Nh3 20. Re2 Ng5 21. Qg4 Nxf3 22. Rd1 Nh4 23. Rxe5 Rxe5 24. Bxe5 Qc6+ 25. Rd5 Ng6 26. Bc3 Rd8 27. Qd4 f6 28. Kg1 Rxd5 29. cxd5 Qd7 30. d6 b6 31. Qc4+ Kh7 32. Qc7 Qg4+ 33. Kf1 Nf4 34. Qc4 Qd1+ 35. Be1 Qxd6 36. Qe4+ Ng6 37. h4 Qe5 38. Qd3 Qh5 39. Qa6 Qf3 40. Qxa7 Nf4 41. Bb4 Qh1# 0-1

[Event "Granby"]
[Site "Granby"]
[Date "2018.11.25"]
[Round "4.4"]
[White "Mok, Yuen Tak"]
[Black "Leger, Maxime"]
[Result "0-1"]
[WhiteElo "1924"]
[BlackElo "2058"]
[PlyCount "62"]
[EventDate "2018.11.23"]
[EventType "swiss"]
[EventRounds "5"]
[EventCountry "CAN"]
[SourceTitle "EXT 2022"]
[Source "ChessBase"]
[SourceDate "2021.10.06"]
[SourceVersion "1"]
[SourceVersionDate "2021.10.06"]
[SourceQuality "1"]

1. Nf3 g6 2. c4 Bg7 3. Nc3 Nf6 4. e4 d6 5. d4 0-0 6. Be2 Na6 7. 0-0 e5 8. dxe5 dxe5 9. Qc2 c6 10. Nxe5 Nxe4 11. Nxc6 bxc6 12. Qxe4 Bf5 13. Qf3 Nb4 14. Be3 Nc2 15. Rad1 Qa5 16. Qxc6 Nxe3 17. fxe3 Rac8 18. Qf3 h5 19. h3 Rce8 20. Rd5 Qb6 21. c5 Qxb2 22. Rxf5 gxf5 23. Nd5 Re5 24. Bd3 Rd8 25. Bc4 Qc2 26. Bb3 Qxc5 27. Rd1 a5 28. a4 Kf8 29. Kh1 Rb8 30. e4 fxe4 31. Qg3 e3 0-1

[Event "Granby"]
[Site "Granby"]
[Date "2018.11.23"]
[Round "1.2"]
[White "Mok, Yuen Tak"]
[Black "Chiku Ratte, Olivier Kenta"]
[Result "0-1"]
[WhiteElo "1924"]
[BlackElo "2412"]
[PlyCount "68"]
[EventDate "2018.11.23"]
[EventType "swiss"]
[EventRounds "5"]
[EventCountry "CAN"]
[SourceTitle "EXT 2022"]
[Source "ChessBase"]
[SourceDate "2021.10.06"]
[SourceVersion "1"]
[SourceVersionDate "2021.10.06"]
[SourceQuality "1"]

1. Nf3 Nf6 2. g3 d5 3. Bg2 g6 4. 0-0 Bg7 5. c4 dxc4 6. Qa4+ Nbd7 7. Qxc4 0-0 8. Nc3 Nb6 9. Qh4 h6 10. d3 g5 11. Qb4 c6 12. h4 g4 13. Nd2 Kh8 14. e4 Nfd7 15. Nc4 Nxc4 16. dxc4 a5 17. Qa3 Ne5 18. Rd1 Qe8 19. Qc5 f6 20. Be3 Be6 21. b3 Nd7 22. Qa3 Ne5 23. Bf1 Nf3+ 24. Kh1 f5 25. Rac1 Qh5 26. Ne2 fxe4 27. Qxe7 Rae8 28. Qxb7 Be5 29. Bd4 Bxd4 30. Nxd4 Nxh4 31. gxh4 Qxh4+ 32. Kg1 Rxf2 33. Qc7 g3 34. Qe5+ Kg8 0-1

[Event "Contrecoeur-B"]
[Site "Contrecoeur"]
[Date "2018.11.04"]
[Round "5.1"]
[White "Simard, Francis"]
[Black "Mok, Yuen Tak"]
[Result "1/2-1/2"]
[WhiteElo "1890"]
[BlackElo "1937"]
[PlyCount "26"]
[EventDate "2018.11.02"]
[EventType "swiss"]
[EventRounds "5"]
[EventCountry "CAN"]
[SourceTitle "EXT 2022"]
[Source "ChessBase"]
[SourceDate "2021.10.06"]
[SourceVersion "1"]
[SourceVersionDate "2021.10.06"]
[SourceQuality "1"]

1. Nf3 d5 2. d4 Nf6 3. c4 e6 4. Nc3 c6 5. Bg5 Be7 6. e3 Nbd7 7. Rc1 0-0 8. Bd3 dxc4 9. Bxc4 b5 10. Bd3 a6 11. 0-0 c5 12. dxc5 Nxc5 13. Bb1 Qxd1 1/2-1/2

[Event "Laval op"]
[Site "Laval"]
[Date "2017.06.25"]
[Round "4"]
[White "Mok, Yuen Tak"]
[Black "Marchand, Jacques"]
[Result "0-1"]
[WhiteElo "1827"]
[BlackElo "1988"]
[PlyCount "86"]
[EventDate "2017.06.23"]
[EventType "swiss"]
[EventRounds "5"]
[EventCountry "CAN"]
[SourceTitle "CBM 179 Extra"]
[Source "ChessBase"]
[SourceDate "2017.08.23"]
[SourceVersion "1"]
[SourceVersionDate "2017.08.23"]
[SourceQuality "1"]

1. e4 e5 2. Nf3 Nc6 3. Bb5 f5 4. Nc3 fxe4 5. Nxe4 d5 6. Nxe5 dxe4 7. Nxc6 Qg5 8. Qe2 Nf6 9. f4 Qxf4 10. d4 Qd6 11. Ne5+ c6 12. Bc4 Be6 13. Bxe6 Qxe6 14. Qc4 Qxc4 15. Nxc4 0-0-0 16. c3 Be7 17. Bg5 Rhf8 18. 0-0-0 Rde8 19. Rhe1 Ng4 20. Bxe7 Rxe7 21. Rxe4 Rxe4 22. Nd6+ Kc7 23. Nxe4 Nxh2 24. Ng5 Rf2 25. Rd2 Rf5 26. Nxh7 Kd7 27. Re2 Ng4 28. Re4 Nf2 29. Re3 g5 30. Rf3 Rxf3 31. gxf3 Nh3 32. Nf6+ Ke6 33. Nh5 Ng1 34. f4 Ne2+ 35. Kd2 Nxf4 36. Nxf4+ gxf4 37. Ke2 b5 38. Kf3 Kf5 39. b3 a6 40. a3 a5 41. c4 a4 42. cxb5 axb3 43. bxc6 Ke6 0-1

[Event "IECG CF.2002.0.00015 email"]
[Site "IECG email"]
[Date "2002.01.23"]
[Round "?"]
[White "Mok, Yuen Tak"]
[Black "Soule, Larry P"]
[Result "0-1"]
[WhiteElo "1000"]
[BlackElo "1153"]
[PlyCount "62"]
[EventDate "2002.01.23"]
[EventType "tourn (corr)"]
[EventRounds "6"]
[SourceTitle "Corr 2008"]
[Source "ChessBase"]
[SourceDate "2008.06.24"]
[SourceVersion "1"]
[SourceVersionDate "2008.06.24"]
[SourceQuality "1"]

1. e4 e5 2. Nf3 Nc6 3. Bb5 a6 4. Ba4 Nf6 5. 0-0 Be7 6. Re1 b5 7. Bb3 0-0 8. c3 d5 9. exd5 Nxd5 10. Nxe5 Nxe5 11. Rxe5 c6 12. d4 Bd6 13. Re1 Qh4 14. g3 Qh3 15. Bxd5 cxd5 16. Qf3 Bf5 17. Qg2 Qg4 18. f3 Qg6 19. Be3 Rac8 20. Nd2 b4 21. Rac1 bxc3 22. bxc3 Ba3 23. Nb3 Bxc1 24. Rxc1 Bd3 25. Nc5 Rfe8 26. Qd2 Bc4 27. Nd7 Rc7 28. Ne5 Qb6 29. Nxc4 Rxc4 30. Rc2 Rb8 31. Qc1 Rbc8 0-1